| 000 | 00831nam a2200277 a 4500 | ||
|---|---|---|---|
| 008 | |||
| 020 | _a066905688X (cased.) | ||
| 049 | _aMAIN | ||
| 090 | _aHJ141 | ||
| 100 | 1 | _aBrems, Hans. | |
| 245 | 1 | 0 |
_aFiscal theory : _bgovernment, inflation, and growth / _cHans Brems. |
| 260 |
_aLexington, Mass. : _bLexington Books, _cc1983. |
||
| 300 |
_axxii, 182 p. : _bill. ; _c24 cm. |
||
| 504 | _aIncludes bibliographical references. | ||
| 500 | _aIncludes index. | ||
| 650 | 0 | _aFiscal policy. | |
| 650 | 0 | _aInflation (Finance). | |
| 650 | 0 | _aMonetary policy. | |
| 650 | 0 | _aEconomic development. | |
| 653 |
_aFiscal policies _aEconometric models |
||
| 907 |
_a.b10062452 _b15-06-04 _c17-04-03 |
||
| 003 | |||
| 005 | 20230123133609.0 | ||
| 040 | _cNUST | ||
| 942 |
_cBOOKS _kHJ141 |
||
| 999 |
_c151339 _d151339 |
||